000
00373nam a2200157 a 4500
005
20140310183235.0
008
040710s19uu xx 00 eng d
050
_a
QP 187
_b
.N277 1997
100
_a
NTTC
245
_a
Endocrine system :
_b
AP14 /
_c
NTTC.
260
_c
1997.
300
_a
46 p. :
_c
22 cm.
942
_c
BK
_2
lcc
_k
LOC
999
_c
20544
_d
20544